Extragalactic high Energy Astrophysics (Record no. 6775)

MARC details
000 -LEADER
fixed length control field 00860nam a2200193Ia 4500
003 - CONTROL NUMBER IDENTIFIER
control field IN-BaIIA
008 - FIXED-LENGTH DATA ELEMENTS--GENERAL INFORMATION
fixed length control field 211028s9999 xx 000 0 eng d
040 ## - CATALOGING SOURCE
Transcribing agency IIA Library
080 ## - UNIVERSAL DECIMAL CLASSIFICATION NUMBER
Universal Decimal Classification number 524.834
Item number EXT
111 ## - MAIN ENTRY--MEETING NAME
Meeting name or jurisdiction name as entry element Advanced Course of the Swiss Society of Astronomy and Astrophysics on Extragalactic High Energy Astrophysics
Number of part/section/meeting 9th
Location of meeting Saas Fee
Date of meeting or treaty signing 1979 Mar. 26-31
9 (RLIN) 11606
245 #0 - TITLE STATEMENT
Title Extragalactic high Energy Astrophysics
Remainder of title proceedings of ninth advanced course of the Swiss Society of Astronomy and Astrophysics on extragalactic high Energy Astrophysics, held in Saas Fee, 26-31 Mar 1979
Statement of responsibility, etc. edited by A. Blécha and A. Maeder.
260 ## - PUBLICATION, DISTRIBUTION, ETC.
Place of publication, distribution, etc. Switzerland
Name of publisher, distributor, etc. Geneva Observatory
Date of publication, distribution, etc. 1979
300 ## - PHYSICAL DESCRIPTION
Extent [various pagings.]
650 ## - SUBJECT ADDED ENTRY--TOPICAL TERM
Topical term or geographic name entry element NASA Thesaurus
650 ## - SUBJECT ADDED ENTRY--TOPICAL TERM
Topical term or geographic name entry element Science-Future
9 (RLIN) 11607
700 ## - ADDED ENTRY--PERSONAL NAME
Personal name Blecha, A., ed.
9 (RLIN) 11608
700 ## - ADDED ENTRY--PERSONAL NAME
Personal name Maeder, A., ed.
9 (RLIN) 11609
942 ## - ADDED ENTRY ELEMENTS (KOHA)
Koha item type Books
Holdings
Withdrawn status Lost status Damaged status Not for loan Home library Current library Shelving location Date acquired Total Checkouts Full call number Barcode Date last seen Price effective from Koha item type
        IIA Library-Bangalore IIA Library-Bangalore General Stacks 02/07/1981   524.834/ EXT 7534 05/11/2021 02/07/1981 Books

Powered by Koha